[Event "47th American Open"]
[Site "Orange USA"]
[Date "2011.11.25"]
[Round "4"]
[White "Amanov,Z"]
[Black "Khachiyan,M"]
[Result "0-1"]
[WhiteTitle "IM"]
[BlackTitle "GM"]
[WhiteElo "2411"]
[BlackElo "2474"]
[WhiteFideId "13700189"]
[BlackFideId "13300512"]
[EventDate "2011.11.24"]
[EventType "swiss"]

1. c4 Nf6 2. g3 c6 3. Nf3 d5 4. Bg2 g6 5. b3 Bg7 6. Bb2 O-O 7. d3 Qb6 8. Bc3 Rd8
9. O-O d4 10. Bd2 c5 11. Na3 Nc6 12. Nc2 e5 13. Bg5 h6 14. Bxf6 Bxf6 15. Rb1 a5
16. a3 Be7 17. e3 e4 18. Nfe1 Bf5 19. dxe4 dxe3 20. Qe2 exf2+ 21. Qxf2 Be6 22.
Ne3 Ne5 23. Nd5 Bxd5 24. exd5 Qc7 25. a4 Bg5 26. Nc2 Ra6 27. Qe2 f5 28. Rbe1 Bf6
29. Na3 h5 30. Nb5 Qg7 31. Qd2 Nf7 32. Re2 Nd6 33. Qe1 Nxb5 34. axb5 Rad6 35.
Qxa5 h4 36. gxh4 Bxh4 37. Qd2 Bf6 38. Qf4 Bc3 39. Kh1 Rf6 40. Qg3 Ba5 41. Qg5
Bc7 42. b4 Bd6 43. Re6 Be7 44. Rxe7 Qxe7 45. bxc5 Kg7 46. c6 bxc6 47. dxc6 Qc5
48. Qc1 Rd4 49. Qe3 f4 50. Qe8 Rxc4 51. Rd1 Rc1 52. Qe2 Rxd1+ 53. Qxd1 Qxb5 54.
c7 Rf8 55. Qc1 f3 56. Bf1 Qb7 57. Qc3+ Kh7 58. Kg1 f2# 0-1

[Event "47th American Open"]
[Site "Orange USA"]
[Date "2011.11.25"]
[Round "4"]
[White "Remlinger,L"]
[Black "Peters,Ja"]
[Result "1/2-1/2"]
[WhiteTitle "IM"]
[BlackTitle "IM"]
[WhiteElo "2409"]
[BlackElo "2360"]
[WhiteFideId "2001063"]
[BlackFideId "2000229"]
[EventDate "2011.11.24"]
[EventType "swiss"]

1. c4 c5 2. g3 Nc6 3. Bg2 g6 4. Nc3 Bg7 5. d3 e6 6. e4 d6 7. Be3 Nge7 8. h4 h5
9. Qd2 Ne5 10. Nge2 N7c6 11. f3 a6 12. O-O Rb8 13. b3 b5 14. cxb5 axb5 15. d4 b4
16. Na4 cxd4 17. Nxd4 Ba6 18. f4 Bxf1 19. Rxf1 O-O 20. fxe5 Nxe5 21. Rd1 Rb7 22.
Nf3 Qb8 23. Nxe5 Bxe5 24. Bf4 Bxf4 25. Qxf4 Rd8 26. Kh2 Rbd7 27. Rd2 Qa7 28. Qf2
Qxf2 29. Rxf2 Kf8 30. Rc2 Rb8 31. Nb2 Ke7 32. Nd3 Ra7 33. Rc4 Rab7 34. Kg1 Kd7
35. Kf1 Rc7 36. Rxb4 Rbc8 37. Rd4 Rc2 38. Ne5+ Ke7 39. Nc4 Rxa2 40. Bf3 Ra6 41.
Ke2 Rc5 42. b4 Rb5 43. Na5 Rab6 44. Kd2 e5 45. Rc4 Ke6 46. Kc3 f5 47. exf5+ gxf5
48. Bc6 d5 49. Bxb5 dxc4 50. Bxc4+ Kd7 51. Bf7 Rf6 52. Nc4 f4 53. Nxe5+ Kc7 54.
gxf4 Rxf4 55. Bxh5 Rf5 56. Bg6 Rxe5 57. h5 Rg5 58. Kc4 1/2-1/2

[Event "47th American Open"]
[Site "Orange USA"]
[Date "2011.11.26"]
[Round "5"]
[White "Friedel,J"]
[Black "Breckenridge,S"]
[Result "1-0"]
[WhiteTitle "GM"]
[WhiteElo "2523"]
[BlackElo "2209"]
[WhiteFideId "2017199"]
[BlackFideId "2043700"]
[EventDate "2011.11.24"]
[EventType "swiss"]

1. e4 e5 2. Nf3 Nc6 3. Bb5 a6 4. Ba4 Nge7 5. c3 g6 6. O-O Bg7 7. d4 exd4 8. cxd4
b5 9. Bb3 d6 10. h3 O-O 11. Nc3 Na5 12. Bc2 b4 13. Ne2 Bb7 14. Ng3 c5 15. d5 Nc8
16. Rb1 Na7 17. Bg5 Qb6 18. Nh2 h6 19. Bc1 Nb5 20. Ng4 Kh7 21. Nh5 Rh8 22. Qf3
Qc7 23. Bxh6 gxh5 24. Nf6+ Bxf6 25. e5+ 1-0

[Event "47th American Open"]
[Site "Orange USA"]
[Date "2011.11.26"]
[Round "5"]
[White "Zavadsky,P1"]
[Black "Amanov,Z"]
[Result "1/2-1/2"]
[BlackTitle "IM"]
[WhiteElo "2283"]
[BlackElo "2411"]
[WhiteFideId "14901587"]
[BlackFideId "13700189"]
[EventDate "2011.11.24"]
[EventType "swiss"]

1. e4 c5 2. Nf3 Nc6 3. d4 cxd4 4. Nxd4 g6 5. c4 Nf6 6. Nc3 d6 7. Be2 Nxd4 8.
Qxd4 Bg7 9. Bg5 O-O 10. Qd2 a5 11. O-O a4 12. Rab1 Be6 13. Rfd1 Nd7 14. Nd5 Re8
15. b4 axb3 16. axb3 Nc5 17. Bf3 Nd7 18. b4 Bxd5 19. exd5 Ra3 20. Be2 Qa8 21.
Bf1 Qa4 22. Rdc1 Ra2 23. Qd1 Qxd1 24. Rxd1 Nf6 25. Re1 h6 26. Be3 Ng4 27. Bb6
Kf8 28. h3 Ne5 29. Be3 g5 30. Re2 Ra3 31. Rc2 Rc8 32. c5 f5 33. c6 bxc6 34. dxc6
Rxc6 35. Rxc6 Nxc6 36. b5 Na5 37. b6 f4 38. Bc1 Ra2 39. Bc4 Rc2 40. Bd3 Ra2 41.
Bc4 Rc2 42. Bd3 Ra2 1/2-1/2

[Event "47th American Open"]
[Site "Orange USA"]
[Date "2011.11.26"]
[Round "5"]
[White "Landaw,J"]
[Black "Sevillano,E"]
[Result "0-1"]
[WhiteTitle "FM"]
[BlackTitle "IM"]
[WhiteElo "2307"]
[BlackElo "2461"]
[WhiteFideId "2023342"]
[BlackFideId "5200156"]
[EventDate "2011.11.24"]
[EventType "swiss"]

1. e4 c5 2. Nc3 Nc6 3. g3 h5 4. Bg2 h4 5. d3 d6 6. g4 g6 7. h3 Bg7 8. Nf3 e6 9.
Bg5 Qb6 10. Rb1 Nd4 11. Nd2 Qc7 12. a4 Ne7 13. Nc4 Bd7 14. e5 dxe5 15. Bxb7 Rb8
16. Bg2 f6 17. Bd2 O-O 18. b3 Bc6 19. O-O Bxg2 20. Kxg2 f5 21. Bg5 Qc6+ 22. f3
Nd5 23. Ne2 fxg4 24. Nxd4 gxh3+ 25. Kxh3 exd4 26. f4 Nc3 0-1

[Event "47th American Open"]
[Site "Orange USA"]
[Date "2011.11.26"]
[Round "5"]
[White "Perepelitsky,E"]
[Black "Kavutskiy,K"]
[Result "1-0"]
[WhiteElo "2158"]
[BlackElo "2303"]
[WhiteFideId "2023288"]
[BlackFideId "2026384"]
[EventDate "2011.11.24"]
[EventType "swiss"]

1. d4 Nf6 2. c4 e6 3. Nc3 Bb4 4. e3 O-O 5. Bd3 d5 6. Nf3 b6 7. O-O Bb7 8. a3 Bd6
9. cxd5 exd5 10. b4 Nbd7 11. Qb3 a6 12. g3 Re8 13. Nh4 Rb8 14. Bf5 c5 15. Bh3 c4
16. Qc2 g6 17. f3 Qc7 18. Qf2 Nf8 19. Bg2 Qd7 20. Qc2 Ne6 21. Bd2 Bf8 22. Rad1
a5 23. bxa5 Bxa3 24. axb6 Bc6 25. Rb1 Rb7 26. f4 Qe7 27. f5 Nf8 28. fxg6 hxg6
29. Rxf6 Qxf6 30. Nxd5 Bxd5 31. Bxd5 Rxb6 32. Rf1 Qg7 33. Rxf7 Qxf7 34. Bxf7+
Kxf7 35. Qxc4+ Ne6 36. Qd3 Bf8 37. Qxg6+ Ke7 38. d5 1-0

[Event "47th American Open"]
[Site "Orange USA"]
[Date "2011.11.26"]
[Round "5"]
[White "West,V"]
[Black "Breckenridge,S"]
[Result "0-1"]
[WhiteElo "2058"]
[BlackElo "2209"]
[WhiteFideId "2021145"]
[BlackFideId "2043700"]
[EventDate "2011.11.24"]
[EventType "swiss"]

1. e4 e5 2. Nf3 Nc6 3. Bb5 Nge7 4. c3 a6 5. Ba4 g6 6. d4 exd4 7. cxd4 b5 8. Bc2
d6 9. h3 Bg7 10. O-O O-O 11. Re1 Bb7 12. Nc3 Na5 13. Bg5 h6 14. Bh4 Qd7 15. e5
Nf5 16. Bf6 Bxf3 17. gxf3 Bxf6 18. exf6 Rae8 19. Qd2 Kh7 20. Qf4 Nc6 21. Ne2
Rxe2 22. Rxe2 Ncxd4 23. Rd2 Nxc2 24. Rxc2 Re8 25. b4 c5 26. bxc5 dxc5 27. Rxc5
Nd4 28. Kg2 Ne6 29. Qb4 Nxc5 30. Qxc5 Re6 31. Qc3 Qd6 32. Qb3 Rxf6 33. Rd1 Qe7
34. Qd3 b4 35. Qd4 Rf5 36. Rb1 Qe2 37. Rb3 Rg5+ 38. Kh2 Qf1 0-1

[Event "47th American Open"]
[Site "Orange USA"]
[Date "2011.11.26"]
[Round "6"]
[White "Friedel,J"]
[Black "Perepelitsky,E"]
[Result "1-0"]
[WhiteTitle "GM"]
[WhiteElo "2523"]
[BlackElo "2158"]
[WhiteFideId "2017199"]
[BlackFideId "2023288"]
[EventDate "2011.11.24"]
[EventType "swiss"]

1. e4 c5 2. Nf3 d6 3. d4 cxd4 4. Nxd4 Nf6 5. Nc3 a6 6. f4 e6 7. Be2 Qc7 8. O-O
Nc6 9. Be3 Be7 10. a4 O-O 11. Kh1 Re8 12. Bf3 Bd7 13. Nb3 b6 14. g4 Bc8 15. g5
Nd7 16. Bg2 Bb7 17. Qh5 Nb4 18. Rf2 g6 19. Qh3 Bf8 20. f5 Ne5 21. Raf1 Re7 22.
Nd4 exf5 23. exf5 Nc4 24. Bc1 Rae8 25. Bxb7 Qxb7+ 26. Qg2 Qxg2+ 27. Kxg2 d5 28.
h4 Rd7 29. f6 Bc5 30. Re2 Rdd8 31. Rfe1 Kf8 32. Nb3 Bd6 33. Kf3 Rxe2 34. Rxe2
Be5 35. Nd1 Re8 36. a5 Bc7 37. axb6 Bxb6 38. Nc3 Rxe2 39. Kxe2 Ke8 40. Nd2 Kd7
41. Nxd5 Nxd5 42. Nxc4 Bc7 43. Kf3 Nb4 44. c3 Nd3 45. Be3 Kc6 46. Ke4 Nc5+ 47.
Bxc5 Kxc5 48. Ne5 Kd6 49. Nxf7+ Ke6 50. Nh6 Bg3 51. h5 gxh5 52. Nf5 Bf2 1-0

[Event "47th American Open"]
[Site "Orange USA"]
[Date "2011.11.26"]
[Round "6"]
[White "Akopyan,H"]
[Black "Kavutskiy,K"]
[Result "1-0"]
[WhiteTitle "FM"]
[WhiteElo "2233"]
[BlackElo "2303"]
[WhiteFideId "2012014"]
[BlackFideId "2026384"]
[EventDate "2011.11.24"]
[EventType "swiss"]

1. e4 e6 2. d4 d5 3. e5 c5 4. c3 Qb6 5. Nf3 Nc6 6. a3 Bd7 7. b4 cxd4 8. cxd4 Rc8
9. Be3 Nge7 10. Bd3 Nf5 11. Nbd2 Nd8 12. Qb3 Nxe3 13. fxe3 Be7 14. O-O O-O 15.
Rac1 Nc6 16. Qb1 h6 17. Nb3 f5 18. exf6 Bxf6 19. Nc5 Nb8 20. a4 Rc7 21. Ne5 Be8
22. Bg6 Re7 23. Bxe8 Bxe5 24. Rxf8+ Kxf8 25. dxe5 Rxe8 26. Qh7 1-0

[Event "47th American Open"]
[Site "Orange USA"]
[Date "2011.11.26"]
[Round "6"]
[White "Perepelitsky,P"]
[Black "Griffith,Kyron W"]
[Result "1/2-1/2"]
[WhiteElo "2101"]
[BlackElo "2213"]
[WhiteFideId "2023296"]
[BlackFideId "2046318"]
[EventDate "2011.11.24"]
[EventType "swiss"]

1. d4 Nf6 2. c4 g6 3. Nf3 Bg7 4. Nc3 O-O 5. g3 d6 6. Bg2 Nc6 7. O-O e5 8. d5 Ne7
9. c5 Nd7 10. cxd6 cxd6 11. e4 a5 12. Be3 b6 13. a4 Nc5 14. Nd2 Ba6 15. Nb5 f5
16. Nc4 Bxb5 17. axb5 Qc7 18. Rc1 Rac8 19. f4 fxe4 20. fxe5 Rxf1+ 21. Bxf1 Nf5
22. exd6 Nxd6 23. Bf4 Bf8 24. Bh3 Re8 25. Kh1 Qd8 26. Ne5 Nxb5 27. Nc6 Qf6 28.
Rxc5 Bxc5 29. Bd7 Ra8 30. Be6+ Kf8 31. Qa4 g5 32. Ne5 Rd8 33. Qxe4 Kg7 34. Nd7
Qg6 35. Bf5 1/2-1/2

[Event "47th American Open"]
[Site "Orange USA"]
[Date "2011.11.27"]
[Round "7"]
[White "Peters,Ja"]
[Black "Sevillano,E"]
[Result "0-1"]
[WhiteTitle "IM"]
[BlackTitle "IM"]
[WhiteElo "2360"]
[BlackElo "2461"]
[WhiteFideId "2000229"]
[BlackFideId "5200156"]
[EventDate "2011.11.24"]
[EventType "swiss"]

1. e4 e6 2. d4 d5 3. Nd2 Nf6 4. e5 Nfd7 5. f4 c5 6. Ndf3 Nc6 7. Ne2 b5 8. Be3
Qa5+ 9. Kf2 b4 10. g3 Ba6 11. Nc1 Bxf1 12. Nb3 Qc7 13. Rxf1 c4 14. Nc1 Be7 15.
Ne2 f5 16. exf6 Nxf6 17. Kg2 O-O 18. h3 Bd6 19. g4 Ne4 20. Nd2 Ne7 21. c3 bxc3
22. bxc3 Nxd2 23. Qxd2 Ng6 24. Rf2 Rf7 25. Raf1 Raf8 26. Kh1 Qb8 27. Qe1 Kh8 28.
Rf3 Qb2 29. Ng3 Qxa2 30. Nh5 Rb8 31. R3f2 Rb2 32. Rxb2 Qxb2 33. Bc1 Qc2 34. Qxe6
Nh4 35. Qxd5 Qxc3 36. Kh2 Qc2+ 37. Kg3 Be7 38. Re1 Qc3+ 39. Re3 Qxc1 40. Rxe7
Qa3+ 41. Kxh4 Qxe7+ 42. g5 Qe1+ 43. Kg4 Qe2+ 44. Kh4 Qe1+ 45. Kg4 Re7 46. Qa8+
Re8 47. Qxa7 Qe7 48. Qa4 c3 49. Ng3 Rc8 50. Qc2 Qd7+ 0-1

[Event "47th American Open"]
[Site "Orange USA"]
[Date "2011.11.27"]
[Round "8"]
[White "Amanov,Z"]
[Black "Friedel,J"]
[Result "1/2-1/2"]
[WhiteTitle "IM"]
[BlackTitle "GM"]
[WhiteElo "2411"]
[BlackElo "2523"]
[WhiteFideId "13700189"]
[BlackFideId "2017199"]
[EventDate "2011.11.24"]
[EventType "swiss"]

1. c4 Nf6 2. Nf3 e6 3. Nc3 Bb4 4. Qc2 O-O 5. a3 Bxc3 6. Qxc3 b6 7. g3 Bb7 8. Bg2
d5 9. O-O c5 10. cxd5 Nxd5 11. Qc2 Nc6 12. b3 e5 13. e3 Re8 14. d3 Qd7 15. Bb2
f6 16. Rad1 Kh8 17. Rfe1 Rad8 18. Qb1 1/2-1/2

[Event "47th American Open"]
[Site "Orange USA"]
[Date "2011.11.27"]
[Round "8"]
[White "Remlinger,L"]
[Black "Khachiyan,M"]
[Result "1/2-1/2"]
[WhiteTitle "IM"]
[BlackTitle "GM"]
[WhiteElo "2409"]
[BlackElo "2474"]
[WhiteFideId "2001063"]
[BlackFideId "13300512"]
[EventDate "2011.11.24"]
[EventType "swiss"]

1. d4 Nf6 2. c4 g6 3. Nc3 d5 4. Nf3 Bg7 5. Qa4+ Bd7 6. Qb3 dxc4 7. Qxc4 Bc6 8.
Bf4 O-O 9. e3 Nbd7 10. Ne5 Nxe5 11. dxe5 Nh5 12. Rd1 Qc8 13. h4 Nxf4 14. exf4
Qg4 15. h5 Bxg2 16. Bxg2 Qxg2 17. Qd5 Qxd5 18. Nxd5 Rfd8 19. hxg6 hxg6 20. Nxe7+
Kf8 21. Nd5 c6 22. Ne3 Rxd1+ 23. Kxd1 g5 24. fxg5 Bxe5 25. Ke2 Ke7 1/2-1/2

[Event "47th American Open"]
[Site "Orange USA"]
[Date "2011.11.27"]
[Round "8"]
[White "Perepelitsky,P"]
[Black "Kavutskiy,K"]
[Result "0-1"]
[WhiteElo "2101"]
[BlackElo "2303"]
[WhiteFideId "2023296"]
[BlackFideId "2026384"]
[EventDate "2011.11.24"]
[EventType "swiss"]

1. d4 Nf6 2. c4 e6 3. Nc3 Bb4 4. Qc2 O-O 5. Nf3 c5 6. e3 b6 7. Bd3 Bb7 8. O-O d6
9. Ne4 Nxe4 10. Bxe4 Bxe4 11. Qxe4 Nd7 12. a3 Ba5 13. Rb1 b5 14. cxb5 d5 15. Qg4
c4 16. Bd2 Nf6 17. Bxa5 Qxa5 18. Qh4 Qxb5 19. Ng5 h6 20. Nh3 Rab8 21. f3 c3 22.
b4 Qa4 23. Ra1 Rfc8 24. g4 c2 25. g5 hxg5 26. Qxg5 Qb3 27. Kh1 Qd3 28. Rg1 Ne8
29. Nf2 Qe2 30. Qg3 Qxe3 31. Ng4 Qxd4 32. Rae1 Rb7 33. h4 Rbc7 34. Rc1 Rc4 35.
Rg2 Qd1+ 36. Rg1 Qd4 37. Rg2 Qf4 0-1

[Event "47th American Open"]
[Site "Orange USA"]
[Date "2011.11.27"]
[Round "8"]
[White "Breckenridge,S"]
[Black "Peters,Ja"]
[Result "1-0"]
[BlackTitle "IM"]
[WhiteElo "2209"]
[BlackElo "2360"]
[WhiteFideId "2043700"]
[BlackFideId "2000229"]
[EventDate "2011.11.24"]
[EventType "swiss"]

1. e4 c5 2. c3 d5 3. exd5 Qxd5 4. d4 e6 5. Nf3 Nf6 6. Be2 Be7 7. Na3 Qd8 8. dxc5
Qxd1+ 9. Bxd1 Bxc5 10. Nb5 Na6 11. Ne5 O-O 12. Bf4 Nd5 13. Bg3 f6 14. Nd3 Rd8
15. Nxc5 Nxc5 16. Bc2 Bd7 17. Nd6 Bc6 18. b4 Ba4 19. Nxb7 Nxb7 20. Bxa4 Rac8 21.
Bb3 Rxc3 22. O-O Kf7 23. f3 Nd6 24. Rfd1 Nf5 25. Bf2 a6 26. Bc5 h5 27. Kf2 h4
28. Rd2 Nfe7 29. Rad1 Rb8 30. Re1 Rb7 31. g3 hxg3+ 32. hxg3 Rc7 33. Rde2 Rxb3
34. axb3 Rc6 35. Rd2 Nc8 36. Ra1 Nd6 37. Rda2 Nc7 38. Rh1 Ndb5 39. Rh8 e5 40.
Rd2 Ne6 41. Rd5 Kg6 42. Rb8 Nbd4 43. Rb6 Rc8 44. Bxd4 Rc2+ 45. Ke3 exd4+ 46. Kd3
Rc3+ 47. Kd2 Ng5 48. Rxd4 Rxf3 49. g4 Rxb3 50. Kc2 Ra3 51. Kb2 Ra4 52. Rd5 Ne4
53. Ra5 Rxa5 54. bxa5 Kg5 55. Rxa6 Kxg4 56. Rc6 1-0

[Event "8th Vasylyshyn Mem GM"]
[Site "Lviv UKR"]
[Date "2011.11.29"]
[Round "1"]
[White "Chekhov,S"]
[Black "Ris,R"]
[Result "1-0"]
[WhiteTitle "FM"]
[BlackTitle "IM"]
[WhiteElo "2421"]
[BlackElo "2400"]
[WhiteFideId "4195639"]
[BlackFideId "1011480"]
[EventDate "2011.11.29"]
[EventType "tourn"]

1. e4 e5 2. Nf3 Nc6 3. d4 exd4 4. Nxd4 Bb4+ 5. c3 Bc5 6. Nxc6 bxc6 7. Bd3 Qh4 8.
Qe2 Nf6 9. h3 O-O 10. g3 Qh5 11. g4 Qh4 12. Nd2 Ne8 13. Nb3 Bb6 14. Be3 d6 15.
Nd4 Bd7 16. O-O-O Qe7 17. Bc2 d5 18. Qd3 Nf6 19. exd5 cxd5 20. Rhe1 Rfe8 21. Bg5
Qxe1 22. Rxe1 Rxe1+ 23. Kd2 Ree8 24. Bxf6 gxf6 25. Qxh7+ Kf8 26. Bf5 Ba4 27. b3
Bxd4 28. cxd4 Bb5 29. Qh6+ Ke7 30. h4 Red8 31. h5 Bd7 32. g5 fxg5 33. Qxg5+ Kf8
34. Bd3 Rdb8 35. h6 1-0

[Event "8th Vasylyshyn Mem GM"]
[Site "Lviv UKR"]
[Date "2011.11.29"]
[Round "1"]
[White "Vysochin,S"]
[Black "Molnar,P SVK"]
[Result "1-0"]
[WhiteTitle "GM"]
[BlackTitle "FM"]
[WhiteElo "2552"]
[BlackElo "2363"]
[WhiteFideId "14103516"]
[BlackFideId "14905728"]
[EventDate "2011.11.29"]
[EventType "tourn"]

1. e4 c6 2. d4 d5 3. Nd2 dxe4 4. Nxe4 Nd7 5. Nf3 Ngf6 6. Ng3 e6 7. Bd3 Be7 8.
O-O c5 9. c4 cxd4 10. Nxd4 O-O 11. b3 a6 12. Bb2 Qc7 13. Qe2 Re8 14. Rfd1 b6 15.
a3 Bb7 16. Rd2 Rad8 17. Rad1 Qf4 18. Bc2 Nf8 19. b4 Rc8 20. h3 Qc7 21. Ba4 Red8
22. Ndf5 Ng6 23. Nxe7+ Qxe7 24. Nf5 Qc7 25. Nh6+ gxh6 26. Bxf6 Rxd2 27. Qxd2 Qf4
28. Qxf4 Nxf4 29. Rd8+ Rxd8 30. Bxd8 Nxg2 31. Bxb6 Nh4 32. Kf1 f6 33. Bd7 Kf7
34. c5 Ke7 35. c6 Ba8 36. Bc5+ Kd8 37. a4 Ng6 38. b5 axb5 39. axb5 Ne5 40. Bxe6
Nxc6 41. bxc6 1-0

[Event "8th Vasylyshyn Mem GM"]
[Site "Lviv UKR"]
[Date "2011.11.29"]
[Round "1"]
[White "Goganov,A"]
[Black "Tregubov,V"]
[Result "1-0"]
[WhiteTitle "IM"]
[WhiteElo "2484"]
[BlackElo "2397"]
[WhiteFideId "24109959"]
[BlackFideId "14119595"]
[EventDate "2011.11.29"]
[EventType "tourn"]

1. d4 Nf6 2. c4 g6 3. g3 Bg7 4. Bg2 O-O 5. Nc3 d6 6. Nf3 Nc6 7. O-O a6 8. Qd3
Bf5 9. e4 Bg4 10. Be3 Nd7 11. Ne1 e5 12. d5 Nd4 13. f3 Nc5 14. Qd1 Bc8 15. Nc2
Nxc2 16. Qxc2 a5 17. a3 b6 18. b4 Nb7 19. Na4 Bd7 20. Nb2 Re8 21. Nd3 c5 22.
dxc6 Bxc6 23. Rfd1 axb4 24. axb4 b5 25. Nf2 Qe7 26. Bf1 bxc4 27. Bxc4 Qd7 28.
Qd3 Ba4 29. Rxa4 Qxa4 30. Bb5 Qa3 31. Bxe8 Qxd3 32. Bxf7+ Kxf7 33. Nxd3 Ra3 34.
Kf2 Ke6 35. Ke2 Bf8 36. Rd2 Be7 37. Rc2 Bd8 38. f4 exf4 39. Nxf4+ Ke5 40. Rc4 g5
41. Bd4+ Kxe4 42. Bb2+ Kf5 43. g4+ Kxg4 44. Nd5+ 1-0

[Event "8th Vasylyshyn Mem GM"]
[Site "Lviv UKR"]
[Date "2011.11.30"]
[Round "2"]
[White "Ris,R"]
[Black "Baghdasaryan,V"]
[Result "1-0"]
[WhiteTitle "IM"]
[WhiteElo "2400"]
[BlackElo "2362"]
[WhiteFideId "1011480"]
[BlackFideId "13303139"]
[EventDate "2011.11.29"]
[EventType "tourn"]

1. d4 d5 2. c4 c6 3. Nf3 Nf6 4. Nc3 e6 5. g3 dxc4 6. Bg2 b5 7. Ne5 Nd5 8. e4
Nxc3 9. bxc3 Bd6 10. Nxc6 Nxc6 11. e5 Bb7 12. exd6 Na5 13. Bxb7 Nxb7 14. Qg4 O-O
15. Bh6 Qf6 16. Bf4 Rad8 17. a4 Nxd6 18. Be5 Qg6 19. Qxg6 fxg6 20. Bxd6 Rxd6 21.
axb5 Rf3 22. Rxa7 Rxc3 23. O-O Rb3 24. Rc7 Rxd4 25. Ra1 h5 26. Raa7 Rxb5 27.
Rxg7+ Kf8 28. Rxg6 Rf5 29. Rh6 Kg8 30. Rxe6 Rd1+ 31. Kg2 Rd8 32. Rc7 Kf8 33. Re2
Rd4 34. Rc2 Kg8 35. R7xc4 Rxc4 36. Rxc4 Kg7 37. h3 Ra5 38. Rh4 Kg6 39. g4 hxg4
40. hxg4 Ra4 41. Kg3 Ra1 42. Rh5 Rg1+ 43. Kf4 Rf1 44. f3 Ra1 45. Rb5 Ra4+ 46.
Kg3 Ra3 47. Rd5 Rb3 48. Kf4 Rb4+ 49. Ke3 Rb3+ 50. Rd3 Rb1 51. f4 Kf6 52. Rd6+
Ke7 53. Ra6 Rg1 54. g5 Kf7 55. Ke4 Rb1 56. Rd6 Rb4+ 57. Ke5 Rb1 58. Rd5 Kg6 59.
Rd6+ Kf7 60. g6+ Kg7 61. Kf5 Rb5+ 62. Kg4 Rb1 63. Kg5 Rg1+ 64. Kf5 Kh6 65. Kf6
Ra1 66. f5 Ra7 67. Re6 Ra5 68. Re7 Ra6+ 69. Kf7 Ra8 70. g7 Kh7 71. f6 1-0

[Event "8th Vasylyshyn Mem GM"]
[Site "Lviv UKR"]
[Date "2011.11.30"]
[Round "2"]
[White "Molnar,P SVK"]
[Black "Goganov,A"]
[Result "1-0"]
[WhiteTitle "FM"]
[BlackTitle "IM"]
[WhiteElo "2363"]
[BlackElo "2484"]
[WhiteFideId "14905728"]
[BlackFideId "24109959"]
[EventDate "2011.11.29"]
[EventType "tourn"]

1. d4 Nf6 2. c4 e6 3. Nf3 b6 4. Nc3 Bb4 5. Qc2 Bb7 6. a3 Bxc3+ 7. Qxc3 Ne4 8.
Qc2 O-O 9. e3 d6 10. Be2 Nd7 11. O-O f5 12. b4 Rf6 13. d5 exd5 14. Bb2 Rg6 15.
cxd5 Bxd5 16. Rfd1 Bb7 17. Bc4+ Kh8 18. Bd5 Qc8 19. Nh4 Rg4 20. Nxf5 Bxd5 21.
Rxd5 Qb7 22. f3 Qxd5 23. fxg4 Ne5 24. Qxc7 Rg8 25. Rf1 Qe6 26. Qxa7 b5 27. h3 h6
28. Rc1 Qa2 29. Bxe5 dxe5 30. Rc8 Kh7 31. Rc7 Kh8 32. Rxg7 1-0

[Event "8th Vasylyshyn Mem GM"]
[Site "Lviv UKR"]
[Date "2011.11.30"]
[Round "2"]
[White "Vovk,Y"]
[Black "Vysochin,S"]
[Result "1-0"]
[WhiteTitle "GM"]
[BlackTitle "GM"]
[WhiteElo "2571"]
[BlackElo "2552"]
[WhiteFideId "14113171"]
[BlackFideId "14103516"]
[EventDate "2011.11.29"]
[EventType "tourn"]

1. e4 e5 2. Nf3 Nc6 3. Bb5 a6 4. Ba4 Nge7 5. Nc3 g6 6. d4 exd4 7. Nd5 Bg7 8. Bg5
h6 9. Bf6 Bxf6 10. Nxf6+ Kf8 11. O-O d6 12. Nxd4 b5 13. Bb3 Nxd4 14. Qxd4 c5 15.
Nd7+ Kg8 16. Nxc5 Nc6 17. Bxf7+ Kh7 18. Qd5 Ne5 19. f4 Qb6 20. fxe5 Qxc5+ 21.
Kh1 1-0

[Event "8th Vasylyshyn Mem GM"]
[Site "Lviv UKR"]
[Date "2011.12.01"]
[Round "3"]
[White "Vovk,A"]
[Black "Ris,R"]
[Result "1/2-1/2"]
[WhiteTitle "GM"]
[BlackTitle "IM"]
[WhiteElo "2551"]
[BlackElo "2400"]
[WhiteFideId "14114470"]
[BlackFideId "1011480"]
[EventDate "2011.11.29"]
[EventType "tourn"]

1. e4 e5 2. Nf3 Nc6 3. Bb5 f5 4. d3 fxe4 5. dxe4 Nf6 6. Qd3 Bc5 7. Nc3 d6 8. O-O
O-O 9. Na4 Bb6 10. Nxb6 axb6 11. Bc4+ Kh8 12. a3 Qe8 13. Ne1 Be6 14. f3 Nd4 15.
Be3 Qc6 16. Bxe6 Nxe6 17. Qb3 Nc5 18. Qc3 Ne6 19. Qd2 d5 20. exd5 Nxd5 21. Nd3
Nxe3 22. Qxe3 Qxc2 23. Rac1 Qb3 24. Rc3 Qd5 25. Qxe5 Rad8 26. Re1 Qxe5 27. Nxe5
Rd6 28. b4 Rf6 29. Rce3 Nf8 30. Rc1 Ne6 31. Ng4 Rg6 32. g3 b5 33. Kf1 c6 34.
Rce1 Kg8 35. Nf2 Nf8 36. Re7 Rd7 37. R7e3 Rgd6 38. Ne4 Rd5 39. f4 Rf7 40. Kg2 h6
41. R1e2 Nd7 42. Nf2 Nb6 43. Re8+ Rf8 44. R8e7 Rf7 45. Re8+ Rf8 46. R8e7 1/2-1/2

[Event "8th Vasylyshyn Mem GM"]
[Site "Lviv UKR"]
[Date "2011.12.01"]
[Round "3"]
[White "Goganov,A"]
[Black "Vovk,Y"]
[Result "0-1"]
[WhiteTitle "IM"]
[BlackTitle "GM"]
[WhiteElo "2484"]
[BlackElo "2571"]
[WhiteFideId "24109959"]
[BlackFideId "14113171"]
[EventDate "2011.11.29"]
[EventType "tourn"]

1. d4 Nf6 2. c4 g6 3. g3 Bg7 4. Bg2 O-O 5. Nc3 d6 6. Nf3 c6 7. O-O Qa5 8. e4 e5
9. h3 Nbd7 10. Re1 exd4 11. Nxd4 Ne5 12. Bf1 Re8 13. Be3 c5 14. Nf3 Nxf3+ 15.
Qxf3 Nd7 16. Bd2 Ne5 17. Qd1 Be6 18. b3 Nxc4 19. bxc4 Bxc3 20. Bxc3 Qxc3 21.
Qxd6 b6 22. Rad1 Qa5 23. Qf4 Rad8 24. Qf6 Rxd1 25. Rxd1 Qxa2 26. f4 Qb3 27. Rd3
Qb1 28. Rd8 Rxd8 29. Qxd8+ Kg7 30. f5 Bxc4 31. f6+ Kh6 32. Qf8+ Kg5 33. h4+ Kg4
34. Qc8+ Kf3 0-1